Field guide birds of Southern Africa. (Record no. 11146)

MARC details
000 -LEADER
fixed length control field 00393nam a22001457a 4500
003 - CONTROL NUMBER IDENTIFIER
control field OSt
005 - DATE AND TIME OF LATEST TRANSACTION
control field 20211010115001.0
008 - FIXED-LENGTH DATA ELEMENTS--GENERAL INFORMATION
fixed length control field 211010b |||||||| |||| 00| 0 eng d
040 ## - CATALOGING SOURCE
Transcribing agency HU
082 ## - DEWEY DECIMAL CLASSIFICATION NUMBER
Classification number 598.2968 SIN 1994
100 ## - MAIN ENTRY--PERSONAL NAME
Personal name Sinclair, Ian,
9 (RLIN) 11982
245 ## - TITLE STATEMENT
Title Field guide birds of Southern Africa.
260 ## - PUBLICATION, DISTRIBUTION, ETC.
Place of publication, distribution, etc. New Holand
Name of publisher, distributor, etc. Johonic Comunication Ltd.
Date of publication, distribution, etc. 1994
942 ## - ADDED ENTRY ELEMENTS (KOHA)
Source of classification or shelving scheme Dewey Decimal Classification
Koha item type Books like text book referance book
Suppress in OPAC No
Holdings
Withdrawn status Lost status Source of classification or shelving scheme Damaged status Use restrictions Not for loan Collection code Home library Current library Shelving location Date acquired Total Checkouts Full call number Barcode Date last seen Copy number Price effective from Koha item type
    Dewey Decimal Classification Damaged Restricted Access Staff Collection Non-fiction Wondo Genet Library Wondo Genet Library General Stacks 10/10/2021   598.2968 SIN 1994 WGCFNRL00005122 10/10/2021 1 10/10/2021 Books like text book referance book
    Dewey Decimal Classification Damaged Restricted Access Staff Collection Non-fiction Wondo Genet Library Wondo Genet Library General Stacks 10/10/2021   598.2968 SIN 1994 WGCFNRL00005123 10/10/2021 2 10/10/2021 Books like text book referance book
    Dewey Decimal Classification Damaged Restricted Access Staff Collection Non-fiction Wondo Genet Library Wondo Genet Library General Stacks 10/10/2021   598.2968 SIN 1994 WGCFNRL00005124 10/10/2021 3 10/10/2021 Books like text book referance book
    Dewey Decimal Classification Damaged Restricted Access Staff Collection Non-fiction Wondo Genet Library Wondo Genet Library General Stacks 10/10/2021   598.2968 SIN 1994 WGCFNRL00005125 10/10/2021 4 10/10/2021 Books like text book referance book
    Dewey Decimal Classification Damaged Restricted Access Staff Collection Non-fiction Wondo Genet Library Wondo Genet Library General Stacks 10/10/2021   598.2968 SIN 1994 WGCFNRL00005126 10/10/2021 5 10/10/2021 Books like text book referance book